Concise Islamic catechism (Record no. 3285)

MARC details
000 -BAŞLIK
Sabit Uzunlukta Kontrol Alanı 00767na a2200265 4500
001 - KONTROL NUMARASI
Denetim Alanı 13013
003 - KONTROL NUMARASI IDENTIFIER
Denetim Alanı MIRAKIL
005 - SON İŞLEM TARİHİ VE ZAMANI
Denetim Alanı 20181213154926.0
008 - SABİT-BOY VERİ ELEMANLARI - GENEL BİLGİLER
Sabit Uzunlukta Kontrol Alanı 161010b tu 000 0
020 ## - ULUSLARARASI STANDART KİTAP NUMARASI
Uluslararası Standart Kitap Numarası 9751901901
035 ## - SİSTEM KONTROL NUMARASI
Sistem Kontrol Numarası 13013
040 ## - KATALOGLAMA KAYNAK
Orijinal Kataloglama Ajansı Milas
Kataloglama Dili tur
Metne Dönüştürmek Ajansı TR-AnCHP
041 ## - DİL KODU
Metin / Ses Parça Veya Ayrı Başlığın Dil Kodu eng
082 ## - DEWEY ONLU SINIFLANDIRMA NUMARASI
Sınıflandırma Numarası 297.5
Ürün Numarası C65
090 ## - SINIFLAMA NUMARASI
Sınıflama Numarası 297.5 C65 2001
245 ## - BAŞLIK TABLOSU
Başlık Concise Islamic catechism
Sorumluluk Tablosu, Vb Derleyen Mehmet Soymen ; Çeviren Ekmeleddin İhsanoğlu
260 ## - YAYIN, DAĞITIM, VB
Yayın, Dağıtım, Vb Yeri Ankara
Yayıncı, Dağıtıcı, Vs Adı Diyanet İşleri Başkanlığı
Yayın, Dağıtım, Vb Tarihi 2001
300 ## - FİZİKSEL TANIM
Kapsam 152 s.
Boyutlar 15 sm.
490 ## - SERİSİ TABLOSU
Seri Beyanı Diyanet İşleri Başkanlığı yayınları
Hacim / Ardışık Tanımı 148
490 ## - SERİSİ TABLOSU
Seri Beyanı Cep Kitapları
Hacim / Ardışık Tanımı 13
650 ## - KONU KATMA GİRİŞ - TOPİKAL DÖNEM
Topikal Süreli Veya Coğrafi Ad Giriş Elemanı İslam
Genel Alt Bölümü İlmihal
700 ## - KATMA GİRİŞ - KİŞİSEL İSİM
Kişisel Ad Soymen, Mehmet
700 ## - KATMA GİRİŞ - KİŞİSEL İSİM
Kişisel Ad İhsanoğlu, Ekmeleddin
Relator Terim çev.
942 ## - EKLENDİ GİRİŞ ELEMANLARI (KOHA)
Sınıflandırma Veya Raf Düzeni Kaynak Dewey Decimal Classification
Koha Öğesi Türü Books
999 ## - SİSTEM KONTROL NUMARALARI (KOHA)
Koha Biblionumber 3285
Koha Biblioitemnumber 3285
Holdings
Kalıcı Konum Mevcut Konum Edinme Tarihi Edinim Kaynak Toplam Check-Out'Lar Tam Çağrı Numarası Barkod Tarih Son Görülme İtibaren Geçerli Fiyatlar Koha Öğesi Türü
CHP Kütüphanesi CHP Kütüphanesi 08/04/2016 Bağış   297.5 C65 2001 000726 08/04/2016 08/04/2016 Books